| 000 | 00509nam a2200205Ia 4500 | ||
|---|---|---|---|
| 003 | 0100 | ||
| 008 | 130303s9999 xx 000 0 und d | ||
| 040 | _cARRUPELIB | ||
| 050 | _aHM51.L361967 | ||
| 245 | _aCulture and consciousness | ||
| 245 | _bperspectives in the social sciences | ||
| 260 | _aNew York | ||
| 260 | _bG. Braziller | ||
| 260 | _C1967 | ||
| 300 | _axi | ||
| 300 | _b 346 p. ill. 22 cm | ||
| 650 | _bMan | ||
| 700 | _aedited by Gloria B. Levitas , Levitas, Gloria B | ||
| 942 | 0 | 0 | _01 |
| 999 |
_c36802 _d36802 |
||